Transactions - 14th International Congresses of Soil Science, Japan, Kyoto, August 1990 - Vol V: Commission V

保存先:
書誌詳細
フォーマット: 図書
言語:Undetermined
出版事項: Kyoto, Japan International Soceity of Soil Science 1990
主題:
タグ: タグ追加
タグなし, このレコードへの初めてのタグを付けませんか!
Thư viện lưu trữ: Trung tâm Học liệu Trường Đại học Cần Thơ
LEADER 00528nam a2200157Ia 4500
001 CTU_38482
008 210402s9999 xx 000 0 und d
082 |a 631.4 
082 |b T772/volV 
245 0 |a Transactions - 14th International Congresses of Soil Science, Japan, Kyoto, August 1990 - Vol V: Commission V 
260 |a Kyoto, Japan 
260 |b International Soceity of Soil Science 
260 |c 1990 
650 |a soil science,soils 
904 |i Liên, 990401 
980 |a Trung tâm Học liệu Trường Đại học Cần Thơ